000 00670cam a22002052 4500
001 0000008588
005 20151021151115.0
008 080428s xx 000 0 eng d
020 _a0070992568 :
_cKES 665
040 _aKABU
_cKABU
100 1 _aCoddington, Earl A.
_@0000159220
245 1 0 _aTheory of ordinary differential equations /
_cEarl A. Coddington, Norman Levinson.
260 _aNew Delhi :
_bTata McGraw-Hill,
_c1972.
300 _axii, 429 p.
650 0 _aDifferential equations.
_@0000154646
700 1 _aLevinson, Norman.
_@0000159221
852 1 _9p935 KES
908 _a080428
950 _@1
999 _c757
_d757